| 000 | 00455nam a2200181Ia 4500 | ||
|---|---|---|---|
| 001 | 20584 | ||
| 005 | 20260306172816.0 | ||
| 008 | 260306t2022||||xx |||||||||||||| ||spa|| | ||
| 041 | _aESP | ||
| 082 |
_a343.4 _bP85 |
||
| 100 |
_aPresno Linera, Miguel Ángel, _eAUT |
||
| 245 | 0 | _aDerechos fundamentales e inteligencia artificial | |
| 260 | _c2022 | ||
| 300 |
_a144 páginas : _c20 cm. |
||
| 650 | _aGEN | ||
| 654 | _aCDE | ||
| 942 |
_cLIB _dJUS _fJUS _2ddc _n |
||
| 999 |
_c20584 _d20584 |
||